| 000 | 00373nam a22001457a 4500 | ||
|---|---|---|---|
| 082 |
_aH1 007 _bLAK/B |
||
| 100 | _aLakshman Kediya | ||
| 245 |
_aBhavani Prasad misra ke aayam/ _cby Lakshman Kediya |
||
| 260 |
_aCalcutta: _bSamakaleen Srujan, _c1995. |
||
| 300 | _a285p. | ||
| 650 | _aPoetry Hindi Study | ||
| 650 | _aLiterature Hindi | ||
| 650 | _aLiterature | ||
| 942 | _cBK | ||
| 999 |
_c61440 _d61440 |
||